000 00581nam a22001817a 4500
003 UA-OsUOA
001 7822
007 ta
008 20040629b un ||||| |||| 00| 0 ukr d
100 _aГрабовський С.
942 _cSA
040 _aUA-OsUOA
_cUA-OsUOA
_dUA-OsUOA
245 _aРоздуми проти течії : [ " Єврейська проблема " в Україні ]
_cС. Грабовський; О. Радинський
300 _aС.122-130
955 _a0
773 0 _w0
_tСучасність
_dКиїв
_d2004
_g№6
650 7 _aІсторія
_2UDC
999 _c293983
_d293983